000 00341nab a22001097u 4500
008 130520b2006 xxu||||| |||| 00| 0 fre d
041 _afre
100 1 _aDruel, Jean
_954928
245 0 0 _aCaricatures, blasphème et choc des cultures
_cJean Druel
773 0 _tLumière et Vie
_gV.55, nº270,2006,págs. 85-87
_x0024-7359
_wRev261
942 _cAR
999 _c312851
_d312851